People in Pictures with Donald Trump - Statistics

General Stats
  • This quiz has been taken 151 times
  • The average score is 9 of 16
Answer Stats
Picture Answer % Correct
Michael Jackson
94%
Ronald Reagan
90%
Will Smith
89%
Elon Musk
83%
Angela Merkel
76%
Barron Trump
69%
Roseanne Barr
68%
Simon Cowell
62%
Macaulay Culkin
60%
Charles III
45%
Kid Rock
42%
Andy Warhol
36%
Celine Dion
29%
Stephen Baldwin
27%
Tim Cook
27%
Jim Brown
4%
No matching quizzes found
Score Distribution
Percent of People with Each Score
Percentile by Number Answered
Your Score History
You have not taken this quiz